APEC Schools

Rizal : (Record no. 6936)

000 -LEADER
fixed length control field nam a22 7a 4500
005 - DATE AND TIME OF LATEST TRANSACTION
control field 20190121051805.0
008 - FIXED-LENGTH DATA ELEMENTS--GENERAL INFORMATION
fixed length control field 190121b xxu||||| |||| 00| 0 eng d
020 ## - IDENTIFIER FOR THE MANIFESTATION
Identifier for the Manifestation 9710864173
Binding paperback
040 ## - CATALOGING SOURCE
Language of Cataloging eng
Transcribing Agency APEC Schools Library
Description Conventions rda
082 ## - DEWEY DECIMAL CLASSIFICATION NUMBER
Classification number F 923.29
Author's Number Z849r 2004
100 ## - CREATOR
Preferred Name of the Person Zulueta, Francisco M.
245 ## - TITLE AND STATEMENT OF RESPONSIBILITY
Preferred Title Proper Rizal :
Remainder of Title life, works, and ideals
Statement of Responsibility/Parallel Statement of Responsibility Francisco M. Zulueta
264 ## - PUBLICATION STATEMENT
Place of publication, distribution, etc Mandaluyong City :
Publisher's Name/Parallel Publisher's Name National Bookstore,
Copyright ©2004.
Date of Publication 2004.
300 ## - PHYSICAL DESCRIPTION
Extent xv, 260 pages ;
Dimensions 20 cm.
336 ## - RDA CONTENT
Source rdacontent
Content Type text
337 ## - RDA MEDIA
Source rdamedia
Media Type unmediated
338 ## - RDA CARRIER
Source rdacarrier
Carrier Type volume
650 ## - ADDED SUBJECT ACCESS POINT - TOPICAL TERM
Topical Term Rizal, Jose--1861-1896
-- Nationalist
651 ## - ADDED SUBJECT ACCESS POINT - GEOGRAPHIC NAME
Topical Term Philippines
942 ## - ADDED ENTRY ELEMENTS (KOHA)
Source of Classification
Koha Item Type Books
Holdings
Library Site Location Shelving Location Source of Acquisition Full Classification Number Accession Number Koha Item Type
APEC Bacoor Library APEC Bacoor Library Filipiniana Institutional Fund F 923.29 Z849r 2004 B04-0000176 Non Fiction
APEC Calumpang Library APEC Calumpang Library Filipiniana Institutional Fund F 923.29 Z849r 2004 B10-0000206 Non Fiction
APEC Dasmarinas Library APEC Dasmarinas Library Filipiniana Institutional Fund F 923.29 Z849r 2004 B03-0000200 Non Fiction
APEC España Library APEC España Library Filipiniana Institutional Fund F 923.29 Z849r 2004 B11-0000162 Non Fiction
APEC Grace Park West Library APEC Grace Park West Library Filipiniana Institutional Fund F 923.29 Z849r 2004 A09-0000248 Non Fiction
APEC JRU Lipa Library APEC JRU Lipa Library Filipiniana Institutional Fund F 923.29 Z849r 2004 B12-0000202 Non Fiction
APEC Marikina Heights Library APEC Marikina Heights Library Filipiniana Institutional Fund F 923.29 Z849r 2004 A08-0000199 Non Fiction
APEC Concepcion Dos Library APEC Marikina Heights Library Filipiniana Institutional Fund F 923.29 Z849r 2004 C02-0000202 Non Fiction
APEC New Manila Library APEC New Manila Library Filipiniana Institutional Fund F 923.29 Z849r 2004 C03-0000203 Non Fiction
APEC North Fairview Library APEC North Fairview Library Filipiniana Institutional Fund F 923.29 Z849r 2004 A04-0000216 Non Fiction
APEC Ortigas Extension, Cainta Library APEC Ortigas Extension, Cainta Library Filipiniana Institutional Fund F 923.29 Z849r 2004 B09-0000196 Non Fiction
APEC Roxas Boulevard Library APEC Roxas Boulevard Library Filipiniana Institutional Fund F 923.29 Z849r 2004 B06-0000166 Non Fiction
APEC Silangan, Pateros Library APEC Silangan, Pateros Library Filipiniana Institutional Fund F 923.29 Z849r 2004 B07-0000181 Non Fiction
APEC Sta. Rita Library APEC Sta. Rita Library Filipiniana Institutional Fund F 923.29 Z849r 2004 B02-0000199 Non Fiction
APEC Sta. Rita Library APEC Sta. Rita Library Filipiniana Institutional Fund F 923.29 Z849r 2004 B02-0000200 Non Fiction
APEC Taytay Library APEC Taytay Library Filipiniana Institutional Fund F 923.29 Z849r 2004 B08-0000172 Non Fiction
APEC Tondo Library APEC Tondo Library Filipiniana Institutional Fund F 923.29 Z849r 2004 A10-0000153 Non Fiction
APEC V. Luna Library APEC V. Luna Library Filipiniana Institutional Fund F 923.29 Z849r 2004 A01-0000302 Non Fiction

Powered by Koha